000 01041nam a22003137a 4500
003 CHAP
005 20220920171249.0
008 971013s r 00010 d
010 _a61456
011 _a62428
035 _a66602
040 _cCHAP
090 _aR-3575
100 0 0 _aCarrillo Aguado, José Luis.
_919441
245 _aModerna biblioteca con raigambre histórica
_b: un centro de excelencia del CONACYT en lo que fuera casa de Gómez Farías
500 _aSobretiro de : Ciencia y Desarrollo 125 : 20-21, 1995
590 _aBATCH-UPD
_b10
_c20130110
590 _aBATCH-UPD
_b10
_c20130110
590 _aBATCH-UPD
_b10
_c20130409
590 _aBATCH-UPD
_b10
_c20130410
590 _aBATCH-UPD
_b10
_c20130914
590 _aBATCH-UPD
_b10
_c20130914
590 _aCONVERSION
_b10
_c20130109
650 1 4 _aBibliotecas especializadas.
_912550
710 0 _aInstituto de Investigaciones Dr. José Luis Mora. Biblioteca.
_959141
901 _aBK
942 _cREIMP
_2local
949 _aR-3575
_bBC
_cB
_d-151819
_eB
_i66602
_si
999 _c61456
_d61456